Najbardziej zaludnione powiaty w Polsce - Statystyki

Ogólne statystyki
  • Ten quiz został rozwiązany 76 razy
  • Średni wynik to 18 z 20
Statystyki odpowiedzi
# Powiat Populacja Województwo % Poprawnych
1 miasto {Warszawa} 1 793 579 mazowieckie
100%
11 miasto {Białystok} 297 585 podlaskie
99%
6 miasto {Gdańsk} 471 525 pomorskie
99%
12 miasto {Katowice} 291 774 śląskie
99%
2 miasto {Kraków} 780 981 małopolskie
99%
5 miasto {Poznań} 533 830 wielkopolskie
99%
3 miasto {Łódź} 677 286 łódzkie
97%
4 miasto {Wrocław} 643 782 dolnośląskie
97%
9 miasto {Bydgoszcz} 346 739 kujawsko-pomorskie
96%
15 miasto {Gdynia} 245 867 pomorskie
96%
8 miasto {Szczecin} 400 990 zachodniopomorskie
96%
10 miasto {Lublin} 339 547 lubelskie
94%
20 miasto {Radom} 210 532 mazowieckie
90%
13 krakowski 280 403 małopolskie
88%
7 poznański 403 417 wielkopolskie
85%
19 kielecki 211 259 świętokrzyskie
82%
16 miasto {Częstochowa} 219 278 śląskie
81%
18 nowosądecki 216 994 małopolskie
60%
17 wejherowski 218 766 pomorskie
54%
14 wołomiński 251 276 mazowieckie
54%
Nie znaleziono quizów pasujących do podanych kryteriów
Rozkład punktacji
Procent ludzi z każdym wynikiem
Percentyl według liczby udzielonych odpowiedzi
Twoja historia wyników
Nie rozwiązałeś tego quizu